| 000 | 00648nam a2200193 a 4500 | ||
|---|---|---|---|
| 001 | 000005440 | ||
| 005 | 20200929151659.0 | ||
| 008 | 090819s1977 sp a 001 0 spa d | ||
| 020 | _a8400036956 | ||
| 040 | _aDO-SdBNP | ||
| 082 |
_axxx _bS488g |
||
| 100 | 1 |
_aSerrera Contreras, Ramón _915454 |
|
| 245 | 1 | 0 |
_aGuadalajara ganadera : _bestudio regional novohispano 1760 - 1805 / _cRamón Serrera Contreras. |
| 260 |
_aSevilla : _bEscuela de Estudios Hispano-Americanos de Sevilla, _c1977. |
||
| 300 |
_a477 p. : _bil ; _c25 cm. |
||
| 500 | _aIncluye tabla de contenido | ||
| 700 | 1 |
_aCalderón Quijano, José Antonio, _epról. _915455 |
|
| 049 | _aBNPD | ||
| 999 |
_c5240 _d5240 |
||